Linate Airport Destinations (Milan, Italy) - Statistics

General Stats
  • This quiz has been taken 132 times
    54 since last reset
  • The average score is 41 of 55
Answer Stats
Airline Destination % Correct
Air France/easyJet/ITA Airways Paris (Charles de Gaulle)
100%
easyJet/ITA Airways Paris (Orly)
100%
easyJet Barcelona
97%
Air Dolomiti/easyJet/Lufthansa Frankfurt
97%
British Airways/ITA Airways London (City)
97%
easyJet London (Gatwick)
97%
British Airways London (Heathrow)
97%
Iberia Madrid
97%
Air Dolomiti Munich
97%
Scandinavian Airlines Stockholm (Arlanda)
97%
easyJet/ITA Airways/KLM Amsterdam
94%
easyJet/Scandinavian Airlines Copenhagen
94%
Aer Lingus Dublin
94%
Finnair Helsinki
94%
ITA Airways Palermo
94%
ITA Airways Rome (Fiumicino)
94%
ITA Airways Bari
91%
Brussels Airlines/easyJet/ITA Airways Brussels
91%
ITA Airways/KM Malta Airlines Malta
91%
ITA Airways/Wizz Air Naples
91%
easyJet Berlin
88%
easyJet Berlin
88%
easyJet Manchester
88%
easyJet Oslo
88%
ITA Airways/Wizz Air Catania
85%
easyJet Edinburgh
85%
easyJet Lisbon
82%
easyJet/Luxair Luxembourg
82%
easyJet Birmingham
79%
AeroItalia/Volotea Cagliari
79%
AeroItalia/ITA Airways Olbia
79%
easyJet/ITA Airways Palma de Mallorca
79%
ITA Airways Düsseldorf
76%
ITA Airways Hamburg
76%
easyJet Vienna
76%
easyJet/ITA Airways Ibiza
70%
ITA Airways Brindisi
64%
ITA Airways Heraklion
64%
ITA Airways Lamezia Terme
64%
easyJet Tenerife (South)
61%
ITA Airways Alghero
58%
ITA Airways Corfu
58%
ITA Airways/Volotea Lampedusa
58%
ITA Airways Rhodes
58%
easyJet Gran Canaria
55%
ITA Airways Menorca
55%
ITA Airways Stuttgart
55%
ITA Airways Trieste
52%
ITA Airways Reggio Calabria
42%
easyJet Figari
39%
ITA Airways/Volotea Pantelleria
36%
easyJet Split
33%
Small Fly Airlines Elba
27%
Lumiwings Foggia
24%
ITA Airways Rostock
15%
No matching quizzes found
Score Distribution
Percent of People with Each Score
Percentile by Number Answered
Your Score History
You have not taken this quiz since the last reset